000 01319nam a2200337 i 4500
001 000025753
003 DO-SdBNP
005 20250402091939.0
007 ta
008 110222s1954 dr 001 0 spa d
040 _aDO-SdBNP
_bspa
_cBNPHU
_erda
041 _aspa
082 4 _a972.9403
_bP349o
_222
100 1 _aPeña Batlle, Manuel Arturo,
_d1902-1952
_eautor
_4aut.
_98406
245 1 0 _aOrígenes del estado haitiano /
_cManuel Arturo Peña Batlle ; prólogo, Héctor Incháustegui Cabral.
264 _aCiudad Trujillo, República Dominicana :
_bEditora Montalvo,
_c1954.
300 _a99 páginas ;
_c23 cm.
336 _atexto
_btxt
_2rdacontent
337 _asin mediación
_bn
_2rdamedia
338 _avolumen
_bnc
_2rdacarrier
500 _aIncluye referencias bibliográficas y notas al pie de las páginas
505 0 _gPrólogo /
_rHéctor Incháustegui Cabral --
_tEsclavitud y materialismo.
590 _aInventariado, 2025 /LP
650 4 _aEstado
_xEnsayos, conferencias , etc.
_944637
651 4 _aHaití
_xHistoria
_yRevolución, 1791-1804
_99645
651 4 _aHaití
_xPolítica Y Gobierno
_912667
651 4 _aHaití
_xCondiciones Sociales
_912666
700 1 _aIncháustegui Cabral, Héctor,
_d1912-1979
_eprologuista
_921024
910 _aValidado. Control de calidad
942 _2ddc
_cLBS1
999 _c25245
_d25245